000 00716nam a22002297a 4500
999 _c21309
_d21309
003 AR-CdUCM
008 190401b ||||| |||| 00| 0 spa d
020 _a9786120025048
040 _aMUNICIPALIDAD PROVINCIAL DEL CUSCO
_cBIBLIOTECA MUNICIPAL DEL CUSCO
082 _aES/848.9/S17
_bS17
_2Segunda
100 _aSaint-Exupery, Antoine de
_914004
245 _aAukillu /
246 _aLe Petit Prince
260 _aCusco :
_bLibro book stand Cusco,
_c2017.
300 _a112 Páginas. :
_bilustraciones ;
_c19 cm.
500 _aTexto en idioma Quechua.
505 _aContenido: Aukillu.
650 _aLiteratura contemporánea
_9759
650 _aIdioma quechua
_927790
942 _2ddc
_cLIBROS
945 _aRoel